<Die> Wettbewerbsmärkte in der Deutschen Investmentbranche
Klasifikácia, význam a produkčné faktory finančného kapitálu v mikroekonómii. Trhová štruktúra a konkurencieschopnosť na trhu s investičnými fondmi. Komparácia s trhmi maloobchodných a špeciálnych fondov.
Guardado en:
| Autor principal: | |
|---|---|
| Otros Autores: | |
| Formato: | Capítulo de libro |
| Lenguaje: | alemán |
| Materias: | |
| Etiquetas: |
Sin Etiquetas, Sea el primero en etiquetar este registro!
|
MARC
| LEADER | 00000naa$a2200000$$$4500 | ||
|---|---|---|---|
| 001 | 0210179 | ||
| 005 | 20240502073510.9 | ||
| 041 | 0 | |a ger | |
| 044 | |a SK | ||
| 245 | 1 | 0 | |a <Die> Wettbewerbsmärkte in der Deutschen Investmentbranche |c Sebastian Beilecke, Peter Markovič |
| 520 | |a Klasifikácia, význam a produkčné faktory finančného kapitálu v mikroekonómii. Trhová štruktúra a konkurencieschopnosť na trhu s investičnými fondmi. Komparácia s trhmi maloobchodných a špeciálnych fondov. | ||
| 610 | 2 | 0 | |a spoločnosti investičné |
| 610 | 2 | 0 | |a kapitál finančný |
| 610 | 2 | 0 | |a konkurencia trhová |
| 610 | 2 | 0 | |a konkurencieschopnosť |
| 610 | 2 | 0 | |a fondy investičné |
| 610 | 2 | 0 | |a politika investičná |
| 100 | 1 | |a Beilecke, Sebastian | |
| 700 | 1 | |a Markovič, Peter, 1974- | |